| 000 | 00507nam a2200181 i 4500 | ||
|---|---|---|---|
| 001 | 43127 | ||
| 003 | ES-MaACL | ||
| 005 | 20240421063013.0 | ||
| 007 | t| | ||
| 008 | 030317s1971 sp ||||1| spa d | ||
| 100 | 1 |
_aCelaya, Gabriel, _d1911-1991 _937346 |
|
| 245 | 1 | 0 |
_aCien poemas de un amor / _cGabriel Celaya. |
| 250 | _a[1ª ed.]. | ||
| 260 |
_a[Barcelona] : _bPlaza & Janés, _c[1971] |
||
| 300 |
_a176 p. ; _c19 cm. |
||
| 852 |
_aES-MaACL _jC-41187 _bR.80583 |
||
| 999 |
_c43127 _d43127 |
||